Who Really Cares-Album (TV Girl) - Statistics

General Stats
  • This quiz has been taken 78 times
  • The average score is 8 of 10
Answer Stats
Hint Answer % Correct
5. Not Allowed
93%
3. Cigarettes Out The Window
91%
1. Taking What's Not Yours
87%
2. Song About Me
80%
10. Heaven Is a Bedroom
76%
9. Loving Machine
76%
8. For You
74%
6. (Do The) Act Like You Never Met Me
70%
7. Safeword
67%
4. Till You Tell Me to Leave
54%
No matching quizzes found
Score Distribution
Percent of People with Each Score
Percentile by Number Answered
Your Score History
You have not taken this quiz